000
00290nam a22001337a 4500
008
170926b xxu||||| |||| 00| 0 eng d
020
_a
9780155707795
041
_a
eng
080
_a
37
100
_a
46
101
_a
EDU
245
_a
PORTABLE WRITING LAB
_c
DAVIS.V
942
_2
udc
_c
BK
999
_c
30045
_d
30045